STATESMAN'S YEARBOOK (Record no. 692241)

MARC details
000 -LEADER
fixed length control field 00680nam a2200229Ia 4500
003 - CONTROL NUMBER IDENTIFIER
control field OSt
005 - DATE AND TIME OF LATEST TRANSACTION
control field 20220927105402.0
008 - FIXED-LENGTH DATA ELEMENTS--GENERAL INFORMATION
fixed length control field 220926b |||||||| |||| 00| 0 eng d
020 ## - INTERNATIONAL STANDARD BOOK NUMBER
International Standard Book Number 9780230206038
037 ## - SOURCE OF ACQUISITION
Terms of availability Reference Collections
040 ## - CATALOGING SOURCE
Original cataloging agency RTL
Transcribing agency RTL
Language of cataloging eng
041 ## - LANGUAGE CODE
Source of code eng
Language code of text/sound track or separate title eng
245 #0 - TITLE STATEMENT
Title STATESMAN'S YEARBOOK
Remainder of title The politics cultures and economies of the world. Ed. by Barry Turner.
260 ## - PUBLICATION, DISTRIBUTION, ETC.
Place of publication, distribution, etc. New
Name of publisher, distributor, etc. York Palgrave Macmillan
Date of publication, distribution, etc. 2010
300 ## - PHYSICAL DESCRIPTION
Extent "xxxi, 1573p"
Dimensions cm.
942 ## - ADDED ENTRY ELEMENTS (KOHA)
Classification part "n1, M64, Q0/RR"
Koha item type
Holdings
Withdrawn status Lost status Damaged status Not for loan Home library Current library Date acquired Total Checkouts Full call number Barcode Date last seen Price effective from Koha item type
        Ratan Tata Library Ratan Tata Library 2022-09-27   "n1 M64 Q0/RR" RT1362663 2022-09-27 2022-09-27  
Copyright @ Delhi University Library System